Stress in Police in India : (Record no. 67817)

MARC details
000 -LEADER
fixed length control field 00599nam a22001577a 4500
005 - DATE AND TIME OF LATEST TRANSACTION
control field 20120611141223.0
020 ## - INTERNATIONAL STANDARD BOOK NUMBER
International Standard Book Number 8121206340
Terms of availability Rs. 375.00 *hbk)
035 ## - SYSTEM CONTROL NUMBER
System control number B-30191
037 ## - SOURCE OF ACQUISITION
Stock number DPL
Source of stock number/acquisition ENG
100 ## - MAIN ENTRY--PERSONAL NAME
Personal name Mathur, Pragya
245 ## - TITLE STATEMENT
Title Stress in Police in India :
Remainder of title Recognition, disgnosis and coping strategies /
Statement of responsibility, etc by Pragya Mathur
260 ## - PUBLICATION, DISTRIBUTION, ETC. (IMPRINT)
Place of publication, distribution, etc New Delhi
Name of publisher, distributor, etc Gyan Publishing House
Date of publication, distribution, etc 1999
300 ## - PHYSICAL DESCRIPTION
Extent 236p.
Dimensions 20 cms.
942 ## - ADDED ENTRY ELEMENTS (KOHA)
Source of classification or shelving scheme Dewey Decimal Classification
Item type English Books
Classification part 363.22
Call number suffix MAT
Holdings
Withdrawn status Lost status Not for loan Collection code Home library Current library Date acquired Cost, normal purchase price Full call number Barcode Cost, replacement price Koha item type
      Non-fiction Sarojini Nagar Sarojini Nagar 11/06/2012 375.00 363.22 MAT B-30191 375.00 English Books

© Delhi Public Library
Hit Counter
free hit counter